Znalostný manažment ako nástroj investičného rozhodovania v cestovnom ruchu

Znalostný manažment ako jeden z manažérskych nástrojov na dosiahnutie efektívnych investičných rozhodnutí a konkurenčnej výhody v podnikoch cestovného ruchu. Stratégie investičného rozhodovania v cestovnom ruchu. Investičné rozhodovanie a znalostný manažment.

Guardado en:
Detalles Bibliográficos
Autor principal: Janovská, Miriam
Formato: Capítulo de libro
Lenguaje:eslovaco
Materias:
Etiquetas: Agregar Etiqueta
Sin Etiquetas, Sea el primero en etiquetar este registro!

MARC

LEADER 00000naa a2200000 4500
001 r045292
005 20230724111244.0
041 0 |a slo 
044 |a SK 
245 1 0 |a Znalostný manažment ako nástroj investičného rozhodovania v cestovnom ruchu  |c Miriam Janovská 
520 |a Znalostný manažment ako jeden z manažérskych nástrojov na dosiahnutie efektívnych investičných rozhodnutí a konkurenčnej výhody v podnikoch cestovného ruchu. Stratégie investičného rozhodovania v cestovnom ruchu. Investičné rozhodovanie a znalostný manažment. 
610 2 0 |a riadenie znalostí 
610 2 0 |a manažment 
610 2 0 |a vedomosti 
610 2 0 |a informácie 
610 2 0 |a manažéri 
610 2 0 |a investície 
610 2 0 |a rozhodovanie investičné 
610 2 0 |a rozhodovanie manažérske 
610 2 0 |a podnik ruchu cestovného 
610 2 0 |a rozhodovanie 
610 2 0 |a stratégia marketingová 
100 1 |a Janovská, Miriam